Statistiken für Länder, die einen Buchstaben enthalten - W

Klicken Sie hier um das Quiz zu spielen!

Allgemein

  • Dieses Quiz wurde 428 mal gespielt
  • Das Durchschnittsergebnis liegt bei 7 aus 13

Antwortstatistiken

HinweisLand% Korrekt
1 x WSchweden
72%
1 x WEswatini
62%
1 x WSchweiz
62%
1 x WSlowenien
62%
1 x WSlowakei
60%
1 x WMalawi
58%
1 x WNorwegen
58%
1 x WMoldawien
53%
1 x WBosnien und Herzegowina
52%
1 x WSimbabwe
52%
1 x WTaiwan
47%
1 x WBotswana
45%
1 x WKuwait
43%

Verteilung der Resultate

Perzentil nach korrekt beantworteten Fragen

Anzahl Personen mit jedem Resultat

Ihre Resultats-Entwicklung

Sie haben dieses Quiz noch nicht gespielt